000 00933nam a22002777a 4500
001 8880
003 FISKH
005 20251028144617.0
008 251028b cb ||||| |||| 00| 0 eng d
040 _aFISKH
_beng
_cFISKH
_dFISKH
050 _aSF542.5
082 _a638.2
100 _aColdrey, Jennifer
245 _aThe Silkworm story /
_cby Jennifer Coldrey ; Photographs by George Bernard and Dr John Cooke
260 _aLondon :
_bAndre Deutsch,
_c1983.
300 _a32 pages :
_bcolor illustrations ;
_c20 x 25 cm
505 _aM
520 _aBeautiful illustrations support facts about the characteristics, mating, spinning, and role of the silk worm in making silk.
521 8 _a530
_bLexile estimate
521 8 _aM
_bRaz-Plus
650 _aInsects
_vNon-fiction
_xScience
700 _aBernard, George
_eillustrator
700 _aCooke, John
_eillustrator
942 _2ddc
_cBK
_n0
999 _c8880
_d8880